|
|
|
|
| LEADER |
00000nas a2200000 a 4500 |
| 001 |
vtls001475497 |
| 003 |
SK-MaSNL |
| 005 |
20260228160705.0 |
| 008 |
160624cuuuu xo ka a 0 0slo c |
| 020 |
|
|
|a 8080505292
|
| 035 |
|
|
|a SNK000430798
|
| 040 |
|
|
|a SNK
|b slo
|c SNK
|e AACR2
|
| 041 |
0 |
|
|a slo
|
| 043 |
|
|
|a e-xo---
|
| 072 |
|
7 |
|a 378
|2 konspekt
|
| 110 |
0 |
|
|a Univerzita Konštantína Filozofa v Nitre.
|b Filozofická fakulta
|
| 245 |
1 |
|
|a Študijný program
|b akademický rok...
|c Univerzita Konštantína Filozofa v Nitre, Filozofická fakulta
|p Hlavné štúdium
|
| 260 |
|
|
|a Nitra
|b Univerzita Konštantína Filozofa
|
| 300 |
|
|
|a zv.
|b fotogr., tab.
|c 21 cm
|
| 310 |
|
|
|a Trojročenka ?
|
| 362 |
0 |
|
|a 2002/2003-2004/2005-
|
| 500 |
|
|
|a Do šk. r. 2001/2002-2003/2004 spracované ako monografia
|
| 500 |
|
|
|a Súčasťou podnázvu je označenie akademického roku
|
| 500 |
|
|
|a Popis podľa: R. 2002/2003-2004/2005 (vydané v r. 2002)
|
| 610 |
2 |
7 |
|a Univerzita Konštantína Filozofa v Nitre.
|b Filozofická fakulta
|2 SNK
|
| 650 |
0 |
7 |
|a vysoké školy
|z Slovensko
|2 phsnk
|9 266900
|
| 650 |
0 |
7 |
|a štúdium a výučba
|z Slovensko
|2 phsnk
|9 266901
|
| 650 |
0 |
7 |
|a vysoké školy
|2 konspekt
|9 1277
|
| 655 |
|
7 |
|a ročenky
|2 SNK
|9 57146
|
| 655 |
|
7 |
|a informačné publikácie
|9 70181
|
| 655 |
|
|
|2 phsnk
|
| 850 |
|
|
|a Slovenská národná knižnica v Martine
|
| 919 |
|
|
|a 80-8050-529-2
|
| 999 |
|
|
|c 3373
|d 5303
|
| 952 |
|
|
|0 0
|1 0
|4 0
|7 0
|a SNK
|b SNK
|d 2004-05-26
|i snkPV 756/2004
|l 0
|o snkČSD 677/G/2002/2003-2004/2005
|p 17A0431077
|r 2005-01-02 00:00:00
|t P60, <06>, [ISSUE], {606}, -P-
|w 2026-02-21
|y PREZ
|
| 952 |
|
|
|0 0
|1 0
|4 0
|7 0
|a SNK
|b SNK
|d 2004-05-26
|i snkPV 757/2004
|l 0
|o snkČSD 677/G/2002/2003-2004/2005 D1
|p 17A0431078
|r 2005-01-02 00:00:00
|t P60, <06>, [ISSUE], {606}
|w 2026-02-21
|y PREZ
|